000
00411nam a22001697a 4500
003
MPLRDC
005
20220104124739.0
008
210129b ||||| |||| 00| 0 eng d
082
_a
572.2 ZZC
100
_a
曾子才
245
_a
公民权与你
_c
260
_a
_b
中国报有限公司
_c
1970
300
_b
平
490
_a
中国报丛书
650
_a
国籍; 公民; 公权
942
_c
BK
_o
572.2 ZZC
999
_c
21823
_d
21813